El defensor
Guardat en:
| Autor principal: | |
|---|---|
| Format: | Llibre |
| Idioma: | espanyol |
| Publicat: |
Madrid
Alianza
1967
|
| Edició: | 1a. ed |
| Col·lecció: | El Libro de Bolsillo, 79
|
| Matèries: | |
| Etiquetes: |
Afegir etiqueta
Sense etiquetes, Sigues el primer a etiquetar aquest registre!
|
MARC
| LEADER | 00000cam a2200000 a 4500 | ||
|---|---|---|---|
| 001 | UCZ9444 | ||
| 003 | CL-VaPUC | ||
| 008 | 960308e19670000SP |||||||||||||||||spa|d | ||
| 082 | 0 | 4 | |a 864 |b SAL |2 21 |
| 100 | 0 | |a Salinas, Pedro |e author |9 346622 | |
| 245 | 1 | 3 | |a El defensor |
| 250 | |a 1a. ed | ||
| 300 | |a 336 p | ||
| 942 | |c BK | ||
| 945 | |d 19960308 00:00:00 |a mcarcey | ||
| 260 | |a Madrid |b Alianza |c 1967 | ||
| 650 | 0 | |a Ensayos españoles |9 313128 | |
| 583 | |a last modification |c 20150603 11:29:17 |k Rodrigo Vera | ||
| 490 | 0 | |a El Libro de Bolsillo, 79 | |
| 999 | |c 244753 |d 244751 | ||
| 952 | |0 0 |1 0 |4 0 |6 864_000000000000000_SAL_1967 |7 0 |8 A |9 258935 |a BIBEDU |b BIBEDU |d 2019-11-19 |i 3174581 |o 864 SAL 1967 |p 3174581 |r 2019-11-19 |w 2019-11-19 |y BK |k LIT | ||
| 952 | |0 0 |1 0 |3 erb |4 0 |6 864_000000000000000_SAL_1967 |7 0 |8 A |9 258936 |a BIBEDU |b BIBEDU |e Villagrán Garnham, Jorge |i 5177359 |o 864 SAL 1967 |p 5177359 |r 2019-11-19 |w 2019-11-19 |y BK |z Catalogado en:20150605 |k LIT | ||